000 00520nam a2200181Ia 4500
003 IN-BaIIA
008 211028s9999 xx 000 0 eng d
020 _a0-3-6-11001-6
040 _cIIA Library
080 _a047.1:533.9
_bREV-11
100 _aLeontovich, M. A.
_910851
245 0 _aReviews of plasma physics
_bvol. 11
_c M. A.Leontovich
260 _aNew York
_bConsultants Bureau
_c1986
300 _avii, 308p.
650 _aAstronomy and Astrophysics Thesaurus
650 _aPlasmas physics
_915850
942 _cBK
999 _c9413
_d9413